Планините в България (Запис номер 328194)
[ съкратено ]
| 000 -Лидер | |
|---|---|
| Контролно поле с фиксирана дължина | 02131nam a2200469 c 4500 |
| 003 - Код на организацията, давaща контролен номер | |
| Контролно поле | BLK |
| 005 - Дата и час на последна редакция | |
| Контролно поле | 20250225145242.0 |
| 008 - Елементи от данни с фиксирана дължина | |
| fixed length control field | 180410b bul|||||r ||||||| ||bul|| |
| 010 ## - Наследен системен номер | |
| LC control number | KNG00171380000 |
| 020 ## - Международен стандартен номер на книга ISBN | |
| Международен стандартен номер на книга ISBN | 978-954-322-946-8 |
| 040 ## - Източник на каталожния запис | |
| Идентификатор на билиотеката - собственик на записа | BLK |
| 041 ## - Код за език | |
| Код за езика на текст/звукозапис или на отделно заглавие | Български |
| Код за езика КДБФ | Български |
| 072 #7 - Код за тематичната категория | |
| Код организация | bullib |
| Код за тематична категория | Н91 |
| Текст | География Н |
| 080 ## - УДК | |
| Текстов определител УДК | Физическа география |
| УДК код - определител по УДК | 911.2 |
| УДК определител | (497.2) |
| УДК - код + определител | 911.2(497.2) |
| 100 1# - Редна дума - Автор | |
| Автор | Николов, Васил Стоянов |
| Авторска отговорност | първи автор |
| R(LIN) | 261564 |
| 139 ## - Редно поле | |
| Редна дума | Николов, Васил Стоянов и др. |
| Авторски знак | Николо - Н 74 |
| 245 10 - Сведения за заглавието | |
| Заглавие | Планините в България |
| Редно поле (дума) | Васил Стоянов Николов; съавт. Марина Димитрова Йорданова; съавт. Иванка Митова Ботева. |
| 246 11 - Различни форми на заглавието | |
| Паралелно заглавие | The mountains in Bulgaria |
| 250 ## - Област на изданието | |
| Сведения за изданието | 4. прераб. и доп. изд |
| 257 ## - Страна на издаване | |
| Страна на създаване/издаване | България |
| 260 ## - Област на издателските данни | |
| Име на издателя, разпространителя и проч. | Акад. изд. Проф. Марин Дринов |
| Година на издаване | 2018 |
| 9 (RLIN) | 209388 |
| 300 ## - Физическа характеристика | |
| Страници | 431 с. |
| Илюстрации и др. | с цв. ил., к. |
| Размери/Мащаб | 20 см |
| 380 ## - Жанр | |
| Жанр | География |
| 500 ## - Общи забележки | |
| Забележка | Изд. на БАН. Нац. институт по геофизика, геодезия и география. - Пълното име на втория авт.: Марина Димитрова Йорданова-Андреева. - Рез. на англ. ез. - Библиогр.: с. 426-427 |
| 650 #4 - Допълнително описание по предмет – тема | |
| Основно описание – тема или топоним | Планини - България |
| 9 (RLIN) | 261565 |
| 650 #4 - Допълнително описание по предмет – тема | |
| Основно описание – тема или топоним | Туристически маршрути - България |
| 9 (RLIN) | 264994 |
| 651 #4 - Допълнително описание по предмет - топоним | |
| Географско понятие | България |
| 9 (RLIN) | 241624 |
| 653 ## - Ключова дума – ненормативна | |
| Ключова дума | планини |
| 653 ## - Ключова дума – ненормативна | |
| Ключова дума | туристически маршрути |
| 653 ## - Ключова дума – ненормативна | |
| Ключова дума | туристически обекти |
| 659 ## - Тематичен бюлетин | |
| Тематичен бюлетин | Н |
| 700 1# - Други автори (авторска отговорност) | |
| Лично име | Йорданова, Марина Димитрова |
| Автороска отговорност (Описва отношението между автора и произведението) | съавт. |
| 9 (RLIN) | 365424 |
| 700 1# - Други автори (авторска отговорност) | |
| Лично име | Ботева, Иванка Митова |
| Автороска отговорност (Описва отношението между автора и произведението) | съавт. |
| 9 (RLIN) | 336163 |
| 720 ## - Неконтролирано име | |
| Паралелен автор | Vasil Nikolov et al. |
| Ключова дума за отношение (Описва отношението между автора и произведението) | паралелен автор |
| 852 ## - Местоположение | |
| Форматна сигнатура | Цб 295274 |
| 856 4# - Електронен адрес и достъп | |
| Електронен формат | pdf - файл |
| 856 4# - Електронен адрес и достъп | |
| Електронен формат | pdf - файл |
| 999 ## - СИСТЕМНИ КОНТРОЛНИ НОМЕРА | |
| Koha biblionumber | 328194 |
| Koha biblioitemnumber | 328194 |
| 942 ## - АРТИКУЛИ | |
| Вид на библиотечния материал | Книги |
| Скрит в OPAC | Не |
| Koha issues (borrowed), all copies | 7 |
| 944 ## - СЪЗДАВАНЕ И РЕДАКЦИЯ на ЗАПИСА | |
| Създаване/Редакция | Създаване |
| Служител, извършил регистрацията/редакцията | 30540 |
| Статус, дата на статуса | Севдалина Тодорова |
| 999 ## - СИСТЕМНИ КОНТРОЛНИ НОМЕРА | |
| Koha biblioitemnumber | 328194 |
| 999 ## - СИСТЕМНИ КОНТРОЛНИ НОМЕРА | |
| Koha biblioitemnumber | 163898 |
| Код за отписване | Код за изгубен артикул | Източник на класификационната схема | Код за повреда | Коз за рестрикции | Код за отдаване | Артикулен № | Име на библиотеката - собственик | Име на библиотеката, в която се намира в момента | Статус (Текущо местоположение) | Дата на вписване в системата | Местоположение - отдел | Цена в лева | Систематично азбучна сигнатура | Баркод | Цена в евро | Служебен тип на артикула |
|---|---|---|---|---|---|---|---|---|---|---|---|---|---|---|---|---|
| Не е изгубен | Universal Decimal Classification | Не е повреден | без рестрикции | заемане за дома | 687996 | Регионална библиотека "Любен Каравелов" Русе | Регионална библиотека "Любен Каравелов" Русе | Заемна - подръчен фонд | 2019-01-02 | Заемна - подръчен фонд | 25.00 | П 911.2/Н 74 | 120000828738 | 12.78 | Книги | |
| Не е изгубен | Universal Decimal Classification | Не е повреден | само за читалня | ползва се в читалня | 728365 | Регионална библиотека "Любен Каравелов" Русе | Регионална библиотека "Любен Каравелов" Русе | Хранилище | 2019-07-05 | Хранилище | 25.00 | Цб 295274 | 120000832693 | 12.78 | Книги |